Mrs. 'Arris goes to Parliament. / (Registro nro. 18650)
[ vista simple ]
| 000 -CABECERA | |
|---|---|
| campo de control de longitud fija | 00582cam a22001931 4500 |
| 001 - NÚMERO DE CONTROL | |
| campo de control | 000019132 |
| 003 - IDENTIFICADOR DEL NÚMERO DE CONTROL | |
| campo de control | DO-SdBNP |
| 005 - FECHA Y HORA DE LA ÚLTIMA TRANSACCIÓN | |
| campo de control | 20250702102807.0 |
| 008 - DATOS DE LONGITUD FIJA--INFORMACIÓN GENERAL | |
| campo de control de longitud fija | 720414r1965uuuunyua 000 1 eng |
| 010 ## - NÚMERO DE CONTROL DE LA BIBLIOTECA DEL CONGRESO | |
| Número de control de LC | 65014006 |
| 040 ## - FUENTE DE LA CATALOGACIÓN | |
| Centro catalogador/agencia de origen | DO-SdBNP |
| Lengua de catalogación | spa |
| Centro/agencia transcriptor | BNPHU |
| 100 1# - ENTRADA PRINCIPAL--NOMBRE DE PERSONA | |
| Nombre de persona | Gallico, Paul, |
| Fechas asociadas al nombre | 1897-1976. |
| 9 (RLIN) | 41158 |
| 245 10 - MENCIÓN DE TÍTULO | |
| Título | Mrs. 'Arris goes to Parliament. / |
| Mención de responsabilidad, etc. | Drawings by Gioia Fiammenghi. |
| 250 ## - MENCIÓN DE EDICIÓN | |
| Mención de edición | [1st ed. in the U.S.A.] |
| 260 ## - PUBLICACIÓN, DISTRIBUCIÓN, ETC. | |
| Lugar de publicación, distribución, etc. | Garden City, N.Y., : |
| Nombre del editor, distribuidor, etc. | Doubleday, |
| Fecha de publicación, distribución, etc. | 1965. |
| 300 ## - DESCRIPCIÓN FÍSICA | |
| Extensión | 152 p. : |
| Otras características físicas | illus. ; |
| Dimensiones | 18 cm. |
| 910 ## - DATOS DE OPCIÓN DEL USUARIO (OCLC) | |
| Datos de opción del usuario | Catalogación derivada / LC |
| 942 ## - ELEMENTOS DE PUNTO DE ACCESO ADICIONAL (KOHA) | |
| Fuente del sistema de clasificación o colocación | Dewey Decimal Classification |
| Tipo de ítem Koha | Libro |
| Estado de retiro | Estado de pérdida | Restricciones de uso | No para préstamo | Código de colección | Localización permanente | Ubicación/localización actual | Ubicación en estantería | Fecha de adquisición | Número de inventario | Total de préstamos | Signatura topográfica completa | Código de barras | Fecha visto por última vez | Precio válido a partir de | Tipo de ítem Koha |
|---|---|---|---|---|---|---|---|---|---|---|---|---|---|---|---|
| Excluido de préstamo | Monografías: Libros y Folletos | General | General | En catalogación | 26.05.2010 | LF1 | 19132-10 | 25.06.2020 | 25.06.2020 | No se presta |
